<?xml version="1.0" encoding="UTF-8"?>
<collection xmlns="http://www.loc.gov/MARC21/slim">
  <record>
    <leader>00000nam  2200000   4500</leader>
    <controlfield tag="001">INLIS000000000016875</controlfield>
    <controlfield tag="005">20240306111552</controlfield>
    <datafield tag="035" ind1="#" ind2="#">
      <subfield code="a">0010-0324000022</subfield>
    </datafield>
    <controlfield tag="007">ta</controlfield>
    <controlfield tag="008">240306################|##########|#|##</controlfield>
    <datafield tag="084" ind1="#" ind2="#">
      <subfield code="a">R 034 LATSAR 2021</subfield>
    </datafield>
    <datafield tag="100" ind1=" " ind2="#">
      <subfield code="a">Muhammad Faiz Makarim</subfield>
    </datafield>
    <datafield tag="245" ind1="1" ind2="#">
      <subfield code="a">Pembuatan Google Spreadsheet Sebagai Media Penginputan Data Tenaga Pendamping Profesional (TPP) Wilayah IV /</subfield>
      <subfield code="c">Muhammad Faiz Makarim</subfield>
    </datafield>
    <datafield tag="260" ind1="#" ind2="#">
      <subfield code="a">Jakarta :</subfield>
      <subfield code="b">Pusbangkader,</subfield>
      <subfield code="c">2021</subfield>
    </datafield>
    <datafield tag="300" ind1="#" ind2="#">
      <subfield code="a">70 halaman ;</subfield>
      <subfield code="c">30 cm</subfield>
    </datafield>
    <datafield tag="650" ind1="#" ind2="4">
      <subfield code="a">Spreadsheet</subfield>
    </datafield>
    <datafield tag="520" ind1="#" ind2="#">
      <subfield code="a">Beberapa isu yang telah diidentifikasi adalah (1) Data tenaga pendamping profesional (TPP) yang belum rapi. Data merupakan bahan untuk mengukur kinerja unit kerja. Akan tetapi, data TPP memang bukan menjadi tanggung jawab atau kewenangan Kelp Substansi Fasilitas Pendampingan Wilayah. Hal ini dikarenakan bahwa Kelp. Substansi Pendampingan Wilayah hanya menjalankan tugas untuk melakukan monitoring pendamping. Namun, ketersediaan data TPP sedikit menghambat proses monitoring pendamping.</subfield>
    </datafield>
    <datafield tag="856" ind1="#" ind2="#">
      <subfield code="a">Perpustakaan LAN Pusat</subfield>
    </datafield>
    <datafield tag="990" ind1="#" ind2="#">
      <subfield code="a">23.11.034</subfield>
    </datafield>
  </record>
</collection>
